000 00733nam a2200229Ia 4500
005 20230424111833.0
008 140110s9999 xx 000 0 und d
020 _a9788177083071
_cRs.1585.00
040 _aLoreto College
041 _aEnglish
082 _a338.954
_bSAT
100 _aSatyanarayana,G.
245 _aRural development and poverty alleviation in India
_bPolicies and programmes
_cG.Satyanarayana and Madhusudana H.S.
260 _aNew Delhi
_bNew Century Publications
_c2012
300 _axxiii,331p
504 _aIncludes bibliographical references and index
650 _aRural economy-India
651 _aEconomic development-India,rural
700 _aMadhusudana H.S.
850 _aLCLIB
942 _cBK
999 _c38292
_d88771